Personnages de l'Attaque des Titans - Statistiques

Statistiques générales
  • Ce quiz a été pris 199 fois
  • Le résultat moyen est 27 sur 41
Statistiques - réponses
Hint Réponse % Correct
Membre du Bataillon d'explorationSœur du précédent Mikasa Ackermann
98%
Membre du Bataillon d'explorationCapitaine Levi Ackermann
97%
Membre du Bataillon d'exploration15ème Commandant du Bataillon d'exploration Titan Colossal Armin Arlert
96%
Membre de la Brigade de Police SpécialeGuerrière de l'Empire Mahr Titan Féminin Annie Leonhart
92%
Membre du Bataillon d'explorationVice-Capitaine des Guerriers de l'Empire Mahr Titan Cuirassé Reiner Braun
92%
Membre du Bataillon d'exploration 13ème Commandant du Bataillon d'exploration Erwin Smith
90%
Membre du Bataillon d'explorationGuerrier de l'Empire Mahr Titan Colossal Bertolt Hoover
88%
Membre du Bataillon d'exploration Jean Kirschtein
88%
Membre du Bataillon d'explorationAncienne Titan Mâchoire Ymir
85%
Personnage PrincipaleMembre du Bataillon d'exploration Titan Primordiale Titan Assaillant Eren Jaeger
84%
Membre du Bataillon d'exploration Sasha Braus
84%
Membre du Bataillon d'exploration14ème Commandant du Bataillon d'exploration Hange Zoe
83%
Membre du Bataillon d'explorationReine de Paradis Historia Reiss
83%
Capitaine des Guerriers de l'Empire MahrTitan Bestial Frère du personnage principal Zeke Jaegar
83%
Candidate du Titan CuirasséCousine du Titan Cuirassé Gabi Braun
81%
Candidat du Titan CuirasséTitan Mâchoire Frère du Prochain Falco Grice
79%
Guerrière de l'Empire MahrTitan Charrette Pieck Finger
76%
Membre du Bataillon d'exploration Conny Springer
75%
Père du personnage principalPère du Titan Bestial Ancien Titan Assaillant Epoux des deux prochaines Grisha Jaeger
73%
Commandant de GarnisonCommandants des Corps Armées Dot Pyxis
67%
Mère du personnage principal2ème Epouse Carla Jaeger
65%
Guerrier de l'Empire MahrTitan Mâchoire Porco Galliard
65%
Membre de la Brigade de Police SpécialeCapitaine de l'équipe Anti-Humain Oncle du Capitaine de la Brigade d'exploration Kenny Ackermann
60%
Membre du Bataillon d'explorationMembre de Garnision Chef des Pro-Jaeger Floch Forster
56%
Grande Ancêtre des EldiensTitan Originel Ymir Fritz
56%
Membre du Bataillon d'explorationMercenaire Anti-Mahr Espionne Yelena
54%
Ancien Titan AssaillantEspion Eldien Eren Kruger
53%
Ancien Soldat de MahrHabitant de Paradis reconnu pour sa cuisine Nicolo
53%
Capitaine de Garnison à Shiganshina Hannes
52%
Mère du Titan Bestial1ere Epouse du précédent Titan Souriant Dina Jaeger
50%
Guerrier de l'Empire MahrAncien Titan Mâchoire Marcel Galliard
49%
Ancien Roi des 3 MursTitan Primaire Père de la Reine de Paradis Rod Reiss
48%
Maréchal de l'Armée MahrCommandant de l'Armée Mahr Theo Magath
48%
Mercenaire Anti-MahrPilote Onyankopon
47%
Ancien Titan BestialMentor et Père de substitution du Titan Bestial Tom Xaver
42%
Noble Eldien de MahrFrère de la prochaine Willy Tybur
42%
Noble Eldienne de MahrTitan Marteau d'Armes Sœur du précédent Lara Tybur
40%
Membre de la Brigade de Police SpécialePro-Jaeger Amie du Titan Féminin Hitch Dreyse
38%
12ème Commandant du Bataillon d'explorationSergent Instructeur de l'Armée de Paradis Keith Sadies
38%
Candidat du Titan BestialFrère du Précédent Colt Grice
32%
Ambassadrice du peuple d'Heazul Kiyomi Azumabito
31%
Aucun quiz correspondant
Distribution des résultats
% des personnes avec chaque résultat
Percentile par nombre de réponses
Votre historique - résultats
Vous n’avez pas pris ce quiz